00777nam a2200205Ia 4500001002200000003000900022008004100031040002300072041001300095100001800108240008200126245007700208250001500285260003300300300001900333490003300352501012400385520002800509700003400537841-CLA pa ci (15294)IT-MiSPE171229s9999||||xx |||||||||||||| ||und|| aIT-MiSPEcIT-MiSPE aITALIANO aPaul Claudel  aCinq grandes odes: Suivies d'un processionnal pour saluer le siècle nouveau 0aCinque grandi odibE un canto processionale per salutare il secolo nuovo a1a ed. (v) aAlba (CN)bEd. Paolinec1969 a197 p. c19 cm aDimensioni dello spiritov74 aEdizioni San Paolo srl - Piazza Soncino, 5 - 20092 CINISELLO BALSAMO (MI) (non commercial uses only) ® Copyright 2018 aAntonio Corsaro (intr.) aAntonio Corsarog(traduzione)